Les 100 meilleurs joueurs de l'histoire du football - Statistiques

Statistiques générales
  • Ce quiz a été pris 408 fois
    371 depuis la dernière actualisation
  • Le résultat moyen est 55 sur 100
Statistiques - réponses
Par images Réponse % Correct
Messi
99%
Pelé
99%
Ronaldo
99%
Maradona
97%
Ronaldo
88%
Zidane
88%
Xavi
85%
Buffon
83%
Modric
83%
Ronaldinho
83%
Cruyff
82%
Di maria
82%
Iniesta
82%
Maldini
81%
Neymar
81%
Neuer
80%
Benzema
79%
Griezmann
79%
Ibrahimovic
79%
Mbappe
79%
Thierry Henry
79%
Platini
78%
Thomas Muller
78%
Bale
77%
De bruyne
77%
Luis Suarez
77%
Ramos
77%
Kroos
76%
Lewandowski
76%
Kaka
74%
Marcelo
74%
Ozil
74%
Robben
74%
Casillas
73%
Van dijk
73%
Roberto Carlos
72%
Beckham
71%
Pirlo
71%
Aguero
70%
Gullit
70%
Alves
69%
Rivaldo
69%
Vidal
69%
Totti
68%
Cannavaro
67%
Gerrard
67%
Beckenbauer
66%
Eusebio
66%
Hazard
66%
Lampard
66%
Lahm
65%
Puskas
65%
Forlan
64%
Best
63%
Cafu
63%
David villa
63%
Koeman
63%
Weah
63%
Yashin
63%
Van Basten
62%
Zanetti
59%
Garrincha
58%
Bobby Charlton
57%
Giggs
54%
Zico
52%
Di Stefano
51%
Gerd Muller
51%
Matthaus
51%
Falcao
49%
Scholes
48%
Bergkamp
47%
Baresi
46%
Jairzinho
44%
Riquelme
42%
Del piero
39%
Romario
34%
Hagi
33%
Moore
29%
Hugo Sanchez
23%
Zoff
23%
Laudrup
21%
Kempes
16%
Paolo Rossi
15%
Meazza
14%
Luis Suarez
11%
Francescoli
7%
Rivelino
6%
Passarella
5%
Facchetti
3%
Kocsis
2%
Mazzola
2%
Neskeens
2%
Paco Gento
2%
Savicevic
2%
Cubillas
1%
Didi
1%
Figueroa
1%
Moreno
1%
Nasazzi
1%
Schiaffino
1%
Aucun quiz correspondant
Distribution des résultats
% des personnes avec chaque résultat
Percentile par nombre de réponses
Votre historique - résultats
Vous n’avez pas pris ce quiz depuis la dernière actualisation